Introduction to mechatronics and measurement systems / (Record no. 21602)
[ view plain ]
| 000 -LEADER | |
|---|---|
| fixed length control field | 00965cam a22003015a 4500 |
| 001 - CONTROL NUMBER | |
| control field | 015844887 |
| 003 - CONTROL NUMBER IDENTIFIER | |
| control field | OSt |
| 005 - DATE AND TIME OF LATEST TRANSACTION | |
| control field | 20201128023720.0 |
| 008 - FIXED-LENGTH DATA ELEMENTS--GENERAL INFORMATION | |
| fixed length control field | 111221s2012 nyua frb 001 0 eng d |
| 020 ## - INTERNATIONAL STANDARD BOOK NUMBER | |
| International Standard Book Number | 9780071086042 (pbk.) |
| 020 ## - INTERNATIONAL STANDARD BOOK NUMBER | |
| International Standard Book Number | 0071086048 (pbk.) |
| 040 ## - CATALOGING SOURCE | |
| Original cataloging agency | StDuBDS |
| Language of cataloging | eng |
| Transcribing agency | StDuBDS |
| Modifying agency | Uk |
| -- | EG-ScBUE |
| 082 04 - DEWEY DECIMAL CLASSIFICATION NUMBER | |
| Classification number | 621 |
| Edition number | 22 |
| Item number | ALC |
| 100 1# - MAIN ENTRY--PERSONAL NAME | |
| Personal name | Alciatore, David G. |
| 9 (RLIN) | 2629 |
| 245 10 - TITLE STATEMENT | |
| Title | Introduction to mechatronics and measurement systems / |
| Statement of responsibility, etc | David G. Alciatore, Michael B. Histand. |
| 250 ## - EDITION STATEMENT | |
| Edition statement | 4th ed., McGraw-Hill international ed. |
| 260 ## - PUBLICATION, DISTRIBUTION, ETC. (IMPRINT) | |
| Place of publication, distribution, etc | New York : |
| Name of publisher, distributor, etc | McGraw-Hill, |
| Date of publication, distribution, etc | 2012. |
| 300 ## - PHYSICAL DESCRIPTION | |
| Extent | xv, 553 p. : |
| Other physical details | ill. ; |
| Dimensions | 24 cm. |
| 500 ## - GENERAL NOTE | |
| General note | Previous ed. : 2007. |
| 500 ## - GENERAL NOTE | |
| General note | Index : p. 545-553. |
| 504 ## - BIBLIOGRAPHY, ETC. NOTE | |
| Bibliography, etc | Includes bibliographical references. |
| 650 #7 - SUBJECT ADDED ENTRY--TOPICAL TERM | |
| Topical term or geographic name as entry element | Mechatronics. |
| Source of heading or term | BUEsh |
| 9 (RLIN) | 2630 |
| 650 #7 - SUBJECT ADDED ENTRY--TOPICAL TERM | |
| Topical term or geographic name as entry element | Measurement. |
| 9 (RLIN) | 6915 |
| 653 ## - INDEX TERM--UNCONTROLLED | |
| Resource For college | Engineering, Mechanical |
| Arrived date list | April2016 |
| 655 ## - INDEX TERM--GENRE/FORM | |
| Form subdivision | Reading book |
| -- | 34232 |
| 700 1# - ADDED ENTRY--PERSONAL NAME | |
| Personal name | Histand, Michael B. |
| 9 (RLIN) | 2632 |
| 942 ## - ADDED ENTRY ELEMENTS (KOHA) | |
| Source of classification or shelving scheme | Dewey Decimal Classification |
| Withdrawn status | Item status | Source of classification or shelving scheme | Damaged status | Not for loan | Vendor | Home library | Current library | Shelving location | Date acquired | Source of acquisition | Cost, normal purchase price | Total Checkouts | Total Renewals | Full call number | Barcode | Date last seen | Date last borrowed | Cost, replacement price | Koha item type | Checked out |
|---|---|---|---|---|---|---|---|---|---|---|---|---|---|---|---|---|---|---|---|---|
| Dewey Decimal Classification | Baccah | Central Library | Central Library | First floor | 11/04/2016 | Purchase | 300.00 | 2 | 24 | 621 ALC | 000032310 | 15/07/2025 | 19/10/2017 | 375.00 | Book - Borrowing | |||||
| Dewey Decimal Classification | Baccah | Central Library | Central Library | First floor | 11/04/2016 | Purchase | 2 | 39 | 621 ALC | 000032311 | 20/10/2019 | 20/10/2019 | Book - Borrowing | 15/04/2021 | ||||||
| Dewey Decimal Classification | Baccah | Central Library | Central Library | First floor | 11/04/2016 | Purchase | 1 | 27 | 621 ALC | 000032312 | 15/07/2025 | 07/02/2017 | Book - Borrowing |